Projektování střední všeobecně vzdělávací školy

Gespeichert in:
Bibliographische Detailangaben
Format: Buch
Sprache:Slowakisch
Veröffentlicht: Praha Ústav školských informací 1990
Tags: Tag hinzufügen
Keine Tags, Fügen Sie das erste Tag hinzu!

MARC

LEADER 00000nam a2200000 4500
001 c036790
005 20251111091956.2
041 0 |a slo 
044 |a CZ 
245 1 0 |a Projektování střední všeobecně vzdělávací školy 
264 1 |a Praha  |b Ústav školských informací  |c 1990 
300 |a 88 s.